Nombra un país europeo válido - Estadísticas

Estadísticas generales
  • Esta prueba ha sido intentada 16.296 veces
  • La puntuación promedio es 16 de 18
Estadísticas de respuestas
Nombra un país europeo... Países % Correcto
que limita con Rusia Ucrania | Bielorrusia | Letonia | Lituania | Estonia | Polonia | Finlandia | Noruega
100%
en los Alpes Alemania | Austria | Eslovenia | Francia | Italia | Liechtenstein | Suiza
98%
cuyo nombre es más de una palabra Países Bajos | Bosnia y Herzegovina | San Marino | Ciudad del Vaticano | Macedonia del Norte | República Checa | Reino Unido
98%
que no está en la Unión Europea Albania | Andorra | Bielorrusia | Islandia | +14 otros
97%
que participó en la primera Eurovisión Alemania | Bélgica | Francia | Italia | Luxemburgo | Países Bajos | Suiza
97%
con menos de 100.000 personas Andorra | Liechtenstein | Mónaco | San Marino | Ciudad del Vaticano
97%
que es un país isleño Irlanda | Islandia | Malta | Reino Unido
97%
sin rojo en su bandera Bosnia y Herzegovina | Estonia | Finlandia | Grecia | Irlanda | Kosovo | San Marino | Suecia | Ucrania
96%
que limita con Kosovo Albania | Macedonia del Norte | Montenegro | Serbia
91%
por el que fluye el río Danubio Alemania | Austria | Bulgaria | Croacia | Eslovaquia | Hungría | Moldavia | Rumania | Serbia | Ucrania
90%
que no está en la OTAN Andorra | Austria | Bielorrusia | +13 otros
89%
con una esperanza de vida inferior a 75 años Bielorrusia | Moldavia | Rusia | Ucrania
89%
con el francés como idioma oficial (sin incluir Francia) Bélgica | Luxemburgo | Mónaco | Suiza
87%
cuya capital tiene exactamente 4 letras Italia | Letonia | Noruega | Ucrania
86%
con una elevación media inferior a 100 metros Dinamarca | Estonia | Letonia | Mónaco | Países Bajos | Ciudad del Vaticano
83%
con una elevación media superior a 1000 metros Andorra | Suiza
70%
que limita con exactamente dos país (sin incluir territorios ultramares) Andorra | Estonia | Liechtenstein | Moldavia | Países Bajos | Suecia
69%
que limita con un país con el mismo letra inicial Alemania | Austria | Letonia | Lituania
69%
No se encontraron pruebas coincidentes
Distribución de puntuación
Porcentaje de gente con cada puntuación
Porcentaje por número respondido
Historial de tus puntuaciones
No has intentado esta prueba.